| 000 | 00511nam a2200193Ia 4500 | ||
|---|---|---|---|
| 005 | 20250326143202.0 | ||
| 008 | 250326s9999 xx 000 0 und d | ||
| 037 | _aTextbook | ||
| 040 |
_aFMSL _beng _cFMSL |
||
| 041 |
_aeng _2eng |
||
| 084 |
_aX:891 P3 _qFMSL |
||
| 100 |
_aSaunders A _9735164 |
||
| 245 | 0 |
_aFicial institutions management _cSaunders A |
|
| 250 | _a4 | ||
| 260 |
_aBoston _bBoston, McGraw-Hill _c2003 |
||
| 300 | _a778p | ||
| 942 |
_cTB _hX:891 P3 |
||
| 999 |
_c1298500 _d1298500 |
||